[Event "Rhein Main op-A 25th"]
[Site "Bad Homburg"]
[Date "2023.06.10"]
[Round "5"]
[White "Dunsbach, Ralf"]
[Black "Ploder, Udo"]
[Result "1-0"]
[WhiteElo "2122"]
[BlackElo "1870"]
[PlyCount "77"]
[EventDate "2023.06.07"]
[EventType "swiss"]
[EventRounds "7"]
[EventCountry "GER"]
[SourceTitle "CBM 215 Extra"]
[Source "ChessBase"]
[SourceDate "2023.09.30"]
[SourceVersion "1"]
[SourceVersionDate "2023.09.30"]
[SourceQuality "1"]

1. d4 Nf6 2. c4 c5 3. d5 b5 4. cxb5 a6 5. bxa6 e6 6. Nc3 exd5 7. Nxd5 Be7 8. Nxe7 Qxe7 9. e3 0-0 10. Nf3 Nxa6 11. Be2 d5 12. 0-0 Nb4 13. Bd2 Rxa2 14. Rxa2 Nxa2 15. Qb3 Nb4 16. Bxb4 cxb4 17. Nd4 Be6 18. Rc1 Rb8 19. Qa4 Bd7 20. Qb3 g6 21. h3 Qd6 22. Bf3 h5 23. Qd3 Qb6 24. h4 Re8 25. Ne2 Bf5 26. Qd4 Qxd4 27. Nxd4 Be4 28. Rc6 Nd7 29. Bxe4 Rxe4 30. Rd6 Nc5 31. Rxd5 Na4 32. b3 Nc3 33. Rd8+ Kg7 34. g3 Re7 35. Rb8 Na2 36. Nc6 Rc7 37. Nxb4 Nc1 38. Nd5 Rc2 39. Nf4 1-0

[Event "Rhein Main op-A 25th"]
[Site "Bad Homburg"]
[Date "2023.06.09"]
[Round "4"]
[White "Ploder, Udo"]
[Black "Rosenberger, Frank"]
[Result "0-1"]
[WhiteElo "1870"]
[BlackElo "2045"]
[PlyCount "68"]
[EventDate "2023.06.07"]
[EventType "swiss"]
[EventRounds "7"]
[EventCountry "GER"]
[SourceTitle "CBM 215 Extra"]
[Source "ChessBase"]
[SourceDate "2023.09.30"]
[SourceVersion "1"]
[SourceVersionDate "2023.09.30"]
[SourceQuality "1"]

1. e4 e6 2. d4 d5 3. e5 c5 4. c3 Qb6 5. Nf3 Bd7 6. Bd3 cxd4 7. 0-0 Nc6 8. Re1 a6 9. Nbd2 dxc3 10. bxc3 Bc5 11. Re2 Na5 12. Rb1 Qc7 13. Nb3 Nxb3 14. axb3 Bc6 15. Ra2 Rc8 16. Qe2 Nh6 17. h3 Nf5 18. Bf4 0-0 19. Bh2 Qd7 20. Rd2 Qe7 21. Bf4 h6 22. g4 Nh4 23. Nd4 Bxd4 24. cxd4 Ng6 25. Bg3 Qb4 26. Qe3 Bb5 27. Bxb5 axb5 28. Rd3 Rc2 29. f4 Ne7 30. Bh4 Rfc8 31. f5 exf5 32. e6 f6 33. Bxf6 gxf6 34. Qxh6 Qd6 0-1

[Event "Heusenstamm Schloss op"]
[Site "Heusenstamm"]
[Date "2022.11.18"]
[Round "3"]
[White "Ploder, Udo"]
[Black "Burkhardt, Jan"]
[Result "1/2-1/2"]
[WhiteElo "1879"]
[BlackElo "1619"]
[PlyCount "58"]
[EventDate "2022.11.17"]
[EventType "swiss"]
[EventRounds "7"]
[EventCountry "GER"]
[SourceTitle "CBM 212 Extra"]
[Source "ChessBase"]
[SourceDate "2023.03.31"]
[SourceVersion "1"]
[SourceVersionDate "2023.03.31"]
[SourceQuality "1"]

1. e4 e5 2. f4 exf4 3. Nf3 d5 4. exd5 Nf6 5. Be2 Nxd5 6. c4 Nf6 7. d4 c5 8. Bxf4 cxd4 9. Qxd4 Bb4+ 10. Bd2 Bxd2+ 11. Nbxd2 0-0 12. 0-0 Nc6 13. Qc3 Re8 14. Rae1 Bf5 15. Kh1 Bg6 16. c5 Nd5 17. Qc1 Ne3 18. Rf2 Ng4 19. Rff1 Ne3 20. Rf2 Ng4 21. Rff1 Bd3 22. Bxd3 Qxd3 23. h3 Ne3 24. Rf2 Nc2 25. Ref1 Re7 26. Nb3 Ne3 27. Re1 Rae8 28. Rd2 Qg6 29. Rde2 Nf5 1/2-1/2

[Event "Berlin Werner Ott op"]
[Site "Berlin"]
[Date "2022.07.14"]
[Round "6"]
[White "Nemitz, Alfred"]
[Black "Ploder, Udo"]
[Result "1-0"]
[WhiteElo "1677"]
[BlackElo "1872"]
[PlyCount "45"]
[EventDate "2022.07.09"]
[EventType "swiss"]
[EventRounds "9"]
[EventCountry "GER"]
[SourceTitle "CBM 209 Extra"]
[Source "ChessBase"]
[SourceDate "2022.09.30"]
[SourceVersion "1"]
[SourceVersionDate "2022.09.30"]
[SourceQuality "1"]

1. d4 Nf6 2. c4 c5 3. d5 b5 4. cxb5 a6 5. Nc3 axb5 6. e4 b4 7. Nb5 d6 8. Bc4 g6 9. e5 Nfd7 10. exd6 exd6 11. Qe2+ Be7 12. Nxd6+ Kf8 13. Bh6+ Kg8 14. Nxc8 Bf8 15. Bxf8 Kxf8 16. Nd6 Kg7 17. Nf3 Nb6 18. Qe5+ f6 19. Qg3 Nxc4 20. Nxc4 Qxd5 21. Ne3 Re8 22. 0-0 Qf7 23. Nf5+ 1-0

[Event "Berlin Werner Ott op"]
[Site "Berlin"]
[Date "2022.07.10"]
[Round "2"]
[White "Gebigke, Martin"]
[Black "Ploder, Udo"]
[Result "0-1"]
[WhiteElo "2085"]
[BlackElo "1872"]
[PlyCount "48"]
[EventDate "2022.07.09"]
[EventType "swiss"]
[EventRounds "9"]
[EventCountry "GER"]
[SourceTitle "CBM 209 Extra"]
[Source "ChessBase"]
[SourceDate "2022.09.30"]
[SourceVersion "1"]
[SourceVersionDate "2022.09.30"]
[SourceQuality "1"]

1. d4 Nf6 2. c4 c5 3. d5 b5 4. cxb5 a6 5. bxa6 e6 6. dxe6 fxe6 7. e3 Be7 8. Nf3 0-0 9. Be2 Bxa6 10. 0-0 d5 11. b3 Ne4 12. Bb2 Bf6 13. Ne5 Nd7 14. Bxa6 Nxe5 15. Be2 Nf3+ 16. gxf3 Bxb2 17. fxe4 Bxa1 18. exd5 exd5 19. a4 Qg5+ 20. Kh1 Rad8 21. f4 Qe7 22. Rf3 d4 23. Bc4+ Kh8 24. Rh3 Qe4+ 0-1

[Event "Reinstorf op"]
[Site "Reinstorf"]
[Date "2022.02.01"]
[Round "4"]
[White "Jessen, Bjarne"]
[Black "Ploder, Udo"]
[Result "1/2-1/2"]
[WhiteElo "1547"]
[BlackElo "1873"]
[PlyCount "43"]
[EventDate "2022.01.29"]
[EventType "swiss"]
[EventRounds "9"]
[EventCountry "GER"]
[SourceTitle "CBM 206 Extra"]
[Source "ChessBase"]
[SourceDate "2022.03.31"]
[SourceVersion "1"]
[SourceVersionDate "2022.03.31"]
[SourceQuality "1"]

1. e4 e5 2. Nf3 Nc6 3. Bc4 Nf6 4. d4 exd4 5. 0-0 Nxe4 6. Re1 d5 7. Bxd5 Qxd5 8. Nc3 Qh5 9. Nxe4 Be6 10. Bg5 Bd6 11. Nxd6+ cxd6 12. Bf4 0-0 13. Nxd4 Qxd1 14. Raxd1 Nxd4 15. Rxd4 Rfc8 16. c3 Bxa2 17. Rxd6 Be6 18. Red1 h6 19. Be3 Kf8 20. h3 Ke7 21. Kh2 Rc4 22. R6d4 1/2-1/2

[Event "GER-ch Net Amateur Gr-B Vor3"]
[Site "Playchess.com INT"]
[Date "2020.04.16"]
[Round "9"]
[White "Braeutigam, Katerina"]
[Black "Ploder, Udo"]
[Result "0-1"]
[WhiteElo "1493"]
[BlackElo "1624"]
[PlyCount "62"]
[EventDate "2020.04.16"]
[EventType "swiss (blitz)"]
[EventRounds "9"]
[EventCountry "GER"]
[SourceTitle "CBM 195 Extra"]
[Source "ChessBase"]
[SourceDate "2020.05.31"]
[SourceVersion "1"]
[SourceVersionDate "2020.05.31"]
[SourceQuality "1"]

1. e4 e5 2. Nf3 Nc6 3. Bb5 f5 4. Nc3 fxe4 5. Nxe4 d5 6. Nxe5 dxe4 7. Nxc6 Qg5 8. Qe2 Nf6 9. f3 a6 10. Ba4 Bd7 11. d4 Qh4+ 12. g3 Qh5 13. 0-0 bxc6 14. Re1 Be7 15. fxe4 Qxe2 16. Rxe2 0-0 17. Bf4 Ne8 18. e5 Rb8 19. c3 Kh8 20. e6 Bc8 21. Bxc6 Rb6 22. Bxe8 Rxe8 23. Bxc7 Rxe6 24. Rxe6 Bxe6 25. Re1 Bf7 26. Bd6 Bxd6 27. Rxe8+ Bxe8 28. c4 Bf7 29. c5 Bc7 30. a3 Bc4 31. b4 Kg8 0-1

[Event "GER-ch Net Amateur Gr-B Vor3"]
[Site "Playchess.com INT"]
[Date "2020.04.16"]
[Round "4"]
[White "Hammer, Klaus"]
[Black "Ploder, Udo"]
[Result "1-0"]
[WhiteElo "1812"]
[BlackElo "1624"]
[PlyCount "63"]
[EventDate "2020.04.16"]
[EventType "swiss (blitz)"]
[EventRounds "9"]
[EventCountry "GER"]
[SourceTitle "CBM 195 Extra"]
[Source "ChessBase"]
[SourceDate "2020.05.31"]
[SourceVersion "1"]
[SourceVersionDate "2020.05.31"]
[SourceQuality "1"]

1. d4 Nf6 2. c4 c5 3. d5 b5 4. cxb5 a6 5. bxa6 g6 6. Nc3 Bg7 7. Nf3 0-0 8. a7 Rxa7 9. e4 d6 10. Bc4 Nbd7 11. Qe2 Nb6 12. Bd3 Ng4 13. 0-0 e6 14. h3 Ne5 15. Nxe5 Bxe5 16. dxe6 Bxe6 17. Bh6 Bg7 18. Bxg7 Kxg7 19. Qe3 Rd7 20. Rfe1 c4 21. Bc2 Kg8 22. Qd4 Qb8 23. Rad1 Rfd8 24. a4 Nc8 25. a5 Qxb2 26. Rc1 d5 27. exd5 Rxd5 28. Qxc4 Rxa5 29. Qc7 Rf8 30. Qxa5 Nd6 31. Nd5 Bxd5 32. Qxd5 1-0

[Event "GER-ch Net Amateur Gr-B Vor3"]
[Site "Playchess.com INT"]
[Date "2020.04.16"]
[Round "5"]
[White "Thielscher, Rene"]
[Black "Ploder, Udo"]
[Result "0-1"]
[WhiteElo "1488"]
[BlackElo "1624"]
[PlyCount "74"]
[EventDate "2020.04.16"]
[EventType "swiss (blitz)"]
[EventRounds "9"]
[EventCountry "GER"]
[SourceTitle "CBM 195 Extra"]
[Source "ChessBase"]
[SourceDate "2020.05.31"]
[SourceVersion "1"]
[SourceVersionDate "2020.05.31"]
[SourceQuality "1"]

1. e4 e5 2. f4 exf4 3. Nf3 d5 4. e5 g5 5. h3 Nh6 6. d4 Nf5 7. Bd3 Ng3 8. Rg1 h5 9. c4 Be6 10. c5 Nc6 11. a3 g4 12. hxg4 hxg4 13. Bxf4 Ne4 14. Bxe4 dxe4 15. Ng5 Qxd4 16. Qxd4 Nxd4 17. Nxe6 fxe6 18. Kd2 Nb3+ 19. Kc2 Nxa1+ 20. Kc3 Bxc5 21. Nd2 0-0-0 22. Rxa1 Bd4+ 23. Kc2 e3 24. Nb3 Bb6 25. Re1 Rhf8 26. Bxe3 Bxe3 27. Rxe3 Rf2+ 28. Kc3 Rxg2 29. Nd4 Kd7 30. Rd3 Ke7 31. b4 Rd5 32. Re3 Rg1 33. Ne2 Rf1 34. Rg3 Rf3+ 35. Rxf3 gxf3 36. Nf4 f2 37. Nxd5+ exd5 0-1

[Event "GER-ch Net Amateur Gr-B Vor2"]
[Site "Playchess.com INT"]
[Date "2020.04.15"]
[Round "9"]
[White "Lippmann, Kai"]
[Black "Ploder, Udo"]
[Result "1-0"]
[WhiteElo "1730"]
[BlackElo "1637"]
[PlyCount "63"]
[EventDate "2020.04.15"]
[EventType "swiss (blitz)"]
[EventRounds "9"]
[EventCountry "GER"]
[SourceTitle "CBM 196 Extra"]
[Source "ChessBase"]
[SourceDate "2020.07.31"]
[SourceVersion "1"]
[SourceVersionDate "2020.07.31"]
[SourceQuality "1"]

1. c4 e5 2. Nc3 Nf6 3. g3 c6 4. Bg2 d5 5. cxd5 cxd5 6. d3 Nc6 7. Nf3 Bb4 8. Bd2 0-0 9. 0-0 Re8 10. a3 Bf8 11. Rc1 a6 12. Bg5 h6 13. Bxf6 gxf6 14. Qd2 f5 15. Nh4 d4 16. Na4 b5 17. Nc5 Qf6 18. Qc2 Ra7 19. Qd2 Ne7 20. Rc2 Be6 21. Nxe6 Qxe6 22. Rfc1 Bg7 23. Bh3 Rd8 24. Qb4 Rad7 25. Qa5 Bf6 26. Ng2 Qd5 27. Ne1 Qb7 28. Bg2 Qa7 29. Bc6 Rc7 30. Bg2 Rxc2 31. Qxd8+ Kg7 32. Rxc2 1-0

[Event "GER-ch Net Amateur Gr-B Vor2"]
[Site "Playchess.com INT"]
[Date "2020.04.15"]
[Round "5"]
[White "Thielscher, Rene"]
[Black "Ploder, Udo"]
[Result "0-1"]
[WhiteElo "1505"]
[BlackElo "1579"]
[PlyCount "120"]
[EventDate "2020.04.15"]
[EventType "swiss (blitz)"]
[EventRounds "9"]
[EventCountry "GER"]
[SourceTitle "CBM 196 Extra"]
[Source "ChessBase"]
[SourceDate "2020.07.31"]
[SourceVersion "1"]
[SourceVersionDate "2020.07.31"]
[SourceQuality "1"]

1. e4 e5 2. f4 exf4 3. Nf3 d5 4. e5 g5 5. h3 Nh6 6. d4 Nf5 7. Bd3 Ng3 8. Rg1 c5 9. Bb5+ Bd7 10. Bxd7+ Nxd7 11. c3 cxd4 12. cxd4 Rc8 13. Nc3 Nb6 14. Bd2 Bg7 15. Rc1 0-0 16. Kf2 Nc4 17. Qc2 Qd7 18. Nxg5 f5 19. Bxf4 Ne4+ 20. Ngxe4 fxe4 21. g3 Qxh3 22. Rh1 Qg4 23. Nxd5 Qf3+ 24. Kg1 Ne3 25. Nxe3 Rxc2 26. Rxc2 Rxf4 27. gxf4 Qxe3+ 28. Rf2 Qe1+ 29. Kg2 Qe3 30. Rg1 Qxd4 31. Kh2 Kf8 32. Rfg2 Bh6 33. Rg4 Qd2+ 34. R1g2 Bxf4+ 35. Kh3 Qe3+ 36. Kh4 Ke7 37. Rg7+ Ke6 38. Rxb7 h6 39. Rg6+ Kxe5 40. Rb5+ Kd4 41. Rb4+ Kc5 42. Rb3 Qf2+ 43. Kh3 Qh2+ 44. Kg4 h5+ 45. Kf5 Qh3+ 46. Kxf4 Qf1+ 47. Ke5 e3 48. Rg5 h4 49. Ke4+ Kc6 50. Kxe3 Qc1+ 51. Ke4 Qxg5 52. Rc3+ Kd6 53. Rd3+ Ke6 54. Ra3 Qd5+ 55. Kf4 Qe5+ 56. Kg4 Qxb2 57. Rxa7 Qe2+ 58. Kh3 Qe3+ 59. Kxh4 Qxa7 60. Kg4 Qxa2 0-1

[Event "GER-ch Net Amateur Gr-B Vor2"]
[Site "Playchess.com INT"]
[Date "2020.04.15"]
[Round "2"]
[White "Weiskopf, Philip Michael"]
[Black "Ploder, Udo"]
[Result "1-0"]
[WhiteElo "1454"]
[BlackElo "1613"]
[PlyCount "165"]
[EventDate "2020.04.15"]
[EventType "swiss (blitz)"]
[EventRounds "9"]
[EventCountry "GER"]
[SourceTitle "CBM 196 Extra"]
[Source "ChessBase"]
[SourceDate "2020.07.31"]
[SourceVersion "1"]
[SourceVersionDate "2020.07.31"]
[SourceQuality "1"]

1. d4 Nf6 2. c4 c5 3. e3 g6 4. Nf3 Bg7 5. Nc3 0-0 6. Bd3 d6 7. 0-0 a6 8. Qc2 Bg4 9. Be2 Bf5 10. Bd3 Bxd3 11. Qxd3 cxd4 12. Nxd4 Nc6 13. Nxc6 bxc6 14. Rd1 Qc7 15. Ne4 Nd7 16. Rb1 Rab8 17. b3 Ne5 18. Qe2 Rfd8 19. Bb2 a5 20. f4 Nd7 21. Bxg7 Kxg7 22. Qb2+ Kg8 23. Qf2 Nf8 24. Qg3 h6 25. f5 Kh7 26. fxg6+ fxg6 27. Rf1 e5 28. Nf6+ Kh8 29. Ng4 Qg7 30. Rf2 Ne6 31. Qh3 Ng5 32. Qxh6+ Qxh6 33. Nxh6 Kg7 34. Ng4 a4 35. b4 Ne4 36. Rc2 d5 37. Nf2 Nd6 38. cxd5 cxd5 39. Rc7+ Kf6 40. Ng4+ Kg5 41. Nxe5 Rdc8 42. Nf7+ Nxf7 43. Rxf7 Rc2 44. Rf2 Rc3 45. Re2 Re8 46. Kf2 d4 47. e4 d3 48. Re3 Rd8 49. Rd1 Rc2+ 50. Ke1 Rxg2 51. Rg3+ Rxg3 52. hxg3 Kg4 53. Kf2 Rf8+ 54. Kg2 Rd8 55. b5 Rb8 56. Rxd3 Rxb5 57. Rd2 Rb4 58. Re2 Kg5 59. e5 Rb7 60. Re4 Re7 61. Rxa4 Rxe5 62. Kf3 Kf5 63. Rf4+ Ke6 64. Rg4 g5 65. a4 Ra5 66. Re4+ Kf5 67. g4+ Kf6 68. Rd4 Ke5 69. Ke3 Kf6 70. Ke4 Ke6 71. Rc4 Kd6 72. Rd4+ Ke6 73. Rb4 Kd6 74. Rb6+ Kc5 75. Rb5+ Rxb5 76. axb5 Kxb5 77. Kf5 Kc6 78. Kxg5 Kd7 79. Kf6 Ke8 80. Kg7 Ke7 81. g5 Ke8 82. g6 Ke7 83. Kh7 1-0

[Event "GER-ch Net Amateur Gr-B Vor1"]
[Site "Playchess.com INT"]
[Date "2020.04.14"]
[Round "8"]
[White "Ploder, Udo"]
[Black "Diehl, Mirko"]
[Result "1-0"]
[WhiteElo "1601"]
[BlackElo "1800"]
[PlyCount "147"]
[EventDate "2020.04.14"]
[EventType "swiss (blitz)"]
[EventRounds "9"]
[EventCountry "GER"]
[SourceTitle "EXT 2021"]
[Source "ChessBase"]
[SourceDate "2020.10.23"]
[SourceVersion "1"]
[SourceVersionDate "2020.10.23"]
[SourceQuality "1"]

1. e4 c5 2. Nf3 a6 3. d4 cxd4 4. Nxd4 Nf6 5. Nc3 e5 6. Nb3 Bb4 7. Bd3 0-0 8. 0-0 Nc6 9. Nd5 Nxd5 10. exd5 Ne7 11. Qg4 Bd6 12. Qh5 Ng6 13. Nd2 Be7 14. Nf3 d6 15. Bg5 f6 16. Be3 f5 17. Bg5 Bf6 18. Bxf6 Rxf6 19. Ng5 h6 20. Ne6 Bxe6 21. dxe6 e4 22. Bc4 d5 23. Rad1 Ne7 24. Bb3 Kh7 25. c4 g6 26. Qe2 d4 27. f3 d3 28. Qe3 Rxe6 29. c5 Re5 30. f4 Nd5 31. Qd4 Nxf4 32. Qxe5 Ne2+ 33. Kh1 Qd7 34. g4 Re8 35. Qf6 Qe7 36. Qxe7+ Rxe7 37. gxf5 gxf5 38. Rxf5 Nd4 39. Rd5 Nf3 40. Kg2 Rg7+ 41. Kf2 Nxh2 42. Re5 Ng4+ 43. Kg3 Nxe5+ 44. Kf4 Nc6 45. Kxe4 Rd7 46. Rxd3 Re7+ 47. Kf5 Nb4 48. Rd6 Nc6 49. a3 Rg7 50. Bd5 Ne7+ 51. Ke6 Nxd5 52. Kxd5 h5 53. Rb6 h4 54. Rb3 Kh6 55. Rh3 Kh5 56. b4 Kg4 57. Rxh4+ Kxh4 58. a4 Kg4 59. b5 Kf5 60. c6 axb5 61. axb5 Rg6 62. c7 Rg8 63. b6 Kf6 64. Kd6 Kf7 65. Kd7 Kf6 66. c8Q Rg7+ 67. Kd6 Rf7 68. Qd8+ Kg7 69. Qg5+ Kf8 70. Ke6 Ke8 71. Qg8+ Rf8 72. Qg6+ Kd8 73. Qg7 Re8+ 74. Kd6 1-0

[Event "Pfalz op-A 11th"]
[Site "Neustadt an der Weinstrasse"]
[Date "2020.02.22"]
[Round "2"]
[White "Ploder, Udo"]
[Black "Ruff, Maximilian"]
[Result "0-1"]
[WhiteElo "1875"]
[BlackElo "2253"]
[PlyCount "52"]
[EventDate "2020.02.21"]
[EventType "swiss"]
[EventRounds "9"]
[EventCountry "GER"]
[SourceTitle "CBM 195 Extra"]
[Source "ChessBase"]
[SourceDate "2020.05.31"]
[SourceVersion "1"]
[SourceVersionDate "2020.05.31"]
[SourceQuality "1"]

1. e4 c5 2. Nf3 e6 3. d4 cxd4 4. Nxd4 a6 5. Nc3 Qc7 6. Be3 Bb4 7. Bd2 Nf6 8. Qf3 Nc6 9. Nxc6 dxc6 10. Bd3 e5 11. h3 Be6 12. a3 Bc5 13. Bh6 gxh6 14. Qxf6 Rg8 15. 0-0-0 Be7 16. Qf3 0-0-0 17. Kb1 Qb6 18. Be2 Rd4 19. Rxd4 exd4 20. Na2 c5 21. c3 Kb8 22. g4 Rd8 23. cxd4 cxd4 24. Qd3 Rc8 25. Rc1 Bxa2+ 26. Kxa2 Rxc1 0-1

[Event "Berlin Lichtenrade op 15th"]
[Site "Berlin"]
[Date "2019.10.20"]
[Round "9"]
[White "Tschernatsch, Johannes"]
[Black "Ploder, Udo"]
[Result "1-0"]
[WhiteElo "2132"]
[BlackElo "1932"]
[PlyCount "73"]
[EventDate "2019.10.12"]
[EventType "swiss"]
[EventRounds "9"]
[EventCountry "GER"]
[SourceTitle "CBM 195 Extra"]
[Source "ChessBase"]
[SourceDate "2020.05.31"]
[SourceVersion "1"]
[SourceVersionDate "2020.05.31"]
[SourceQuality "1"]

1. e4 e5 2. Nf3 Nc6 3. Bb5 f5 4. d3 fxe4 5. dxe4 Nf6 6. 0-0 Bc5 7. Bxc6 bxc6 8. Nxe5 0-0 9. Nd3 Nxe4 10. Nxc5 Nxc5 11. b3 Qf6 12. Be3 Ne6 13. Nd2 d5 14. Nf3 Bb7 15. Nd4 Nc5 16. b4 Ne4 17. Nb3 Qg6 18. Qd4 Bc8 19. Kh1 Bf5 20. Na5 Kh8 21. c3 Rf6 22. Rae1 Raf8 23. Nb3 Bg4 24. Nc5 Nxc5 25. Qxc5 a6 26. Bd4 R6f7 27. f3 Bf5 28. Re3 h5 29. Rfe1 Kh7 30. Re7 Bd3 31. R7e6 Qg5 32. Qxc6 h4 33. R6e5 Qd2 34. Qe6 Bf5 35. Qxd5 h3 36. gxh3 Bg6 37. Rg1 1-0

[Event "Lueneburg op-A"]
[Site "Lueneburg"]
[Date "2019.08.08"]
[Round "6"]
[White "Dijkhuis, Oele"]
[Black "Ploder, Udo"]
[Result "0-1"]
[WhiteElo "2119"]
[BlackElo "1942"]
[PlyCount "126"]
[EventDate "2019.08.03"]
[EventType "swiss"]
[EventRounds "9"]
[EventCountry "GER"]
[SourceTitle "CBM 191 Extra"]
[Source "ChessBase"]
[SourceDate "2019.09.30"]
[SourceVersion "1"]
[SourceVersionDate "2019.09.30"]
[SourceQuality "1"]

1. e4 e5 2. Nf3 Nc6 3. c3 Nf6 4. d4 Nxe4 5. d5 Bc5 6. dxc6 Bxf2+ 7. Ke2 Bb6 8. Qd5 Nf2 9. Rg1 0-0 10. cxb7 Bxb7 11. Qxb7 Qf6 12. Na3 e4 13. Nc4 Rab8 14. Qd5 Ng4 15. Nxb6 Rxb6 16. Qg5 exf3+ 17. Kd1 f2 18. Rh1 Qe6 19. Kc2 Qe4+ 20. Bd3 Qxg2 21. Bd2 Re8 22. Rhf1 Rf6 23. Bf5 Ne3+ 24. Bxe3 Qxg5 25. Bxh7+ Kxh7 26. Bxg5 Rf5 27. Bh4 Re2+ 28. Kd3 Rxb2 29. Ke4 g6 30. a4 c5 31. Bg3 d5+ 32. Ke3 Rc2 33. Kd3 Rb2 34. Ke3 Rc2 35. Rxf2 d4+ 36. cxd4 cxd4+ 37. Kxd4 Rcxf2 38. Bxf2 Rxf2 39. Kc5 Rxh2 40. Kb5 Re2 41. a5 g5 42. Rc1 Re7 43. a6 g4 44. Rh1+ Kg7 45. Rh5 f6 46. Kc6 Kg6 47. Rh8 g3 48. Rh3 Re3 49. Rh8 Kg7 50. Rh1 Rb3 51. Kd5 f5 52. Ke5 Rf3 53. Rh5 Kg6 54. Rh8 f4 55. Ra8 Kg5 56. Rxa7 Re3+ 57. Kd4 Re8 58. Rb7 f3 59. Rg7+ Kf4 60. a7 g2 61. Rf7+ Kg3 62. Rg7+ Kf2 63. Re7 Rd8+ 0-1

[Event "Lueneburg op-A"]
[Site "Lueneburg"]
[Date "2019.08.06"]
[Round "4"]
[White "Hommer, Jeremy"]
[Black "Ploder, Udo"]
[Result "1-0"]
[WhiteElo "2102"]
[BlackElo "1942"]
[PlyCount "69"]
[EventDate "2019.08.03"]
[EventType "swiss"]
[EventRounds "9"]
[EventCountry "GER"]
[SourceTitle "CBM 191 Extra"]
[Source "ChessBase"]
[SourceDate "2019.09.30"]
[SourceVersion "1"]
[SourceVersionDate "2019.09.30"]
[SourceQuality "1"]

1. d4 Nf6 2. Bf4 c5 3. e3 Qb6 4. Nc3 d6 5. Rb1 g6 6. Nf3 Bg7 7. Be2 0-0 8. 0-0 Bf5 9. h3 Na6 10. g4 Be6 11. d5 Bd7 12. e4 Rad8 13. Nd2 e5 14. Bg5 h6 15. Bxf6 Bxf6 16. Nc4 Qc7 17. a4 Nb8 18. b3 a6 19. Bd3 Bg5 20. Ne2 h5 21. f4 exf4 22. Nxf4 b5 23. axb5 axb5 24. Ne3 Kg7 25. gxh5 Rh8 26. hxg6 fxg6 27. Neg2 Qc8 28. Qf3 Rdf8 29. Qg3 Qd8 30. Ra1 Rh6 31. Bxb5 Bxf4 32. Nxf4 Rxf4 33. Qxf4 Bxb5 34. Qf7+ Kh8 35. Qf8+ 1-0

[Event "Hofheim Spring op-B 6th"]
[Site "Hofheim"]
[Date "2018.04.06"]
[Round "6"]
[White "Meyer, Marcel"]
[Black "Ploder, Udo"]
[Result "1/2-1/2"]
[WhiteElo "1759"]
[BlackElo "1899"]
[PlyCount "49"]
[EventDate "2018.04.03"]
[EventType "swiss"]
[EventRounds "9"]
[EventCountry "GER"]
[SourceTitle "EXT 2020"]
[Source "ChessBase"]
[SourceDate "2019.10.17"]
[SourceVersion "1"]
[SourceVersionDate "2019.10.17"]
[SourceQuality "1"]

1. d4 Nf6 2. Nf3 c5 3. e3 g6 4. Bd3 d5 5. 0-0 c4 6. Be2 Bg7 7. b3 cxb3 8. axb3 0-0 9. c4 Nc6 10. Nc3 Bf5 11. Ba3 Re8 12. Nh4 dxc4 13. Nxf5 gxf5 14. bxc4 Rc8 15. f4 Na5 16. Qa4 Ng4 17. Bxg4 Rxc4 18. Bxe7 Rxe7 19. Qxa5 Qxa5 20. Rxa5 Rxc3 21. Bxf5 Rexe3 22. Rd1 Re2 23. Kf1 Rb2 24. d5 Rc4 25. g3 1/2-1/2

[Event "Hofheim Spring op-B 6th"]
[Site "Hofheim"]
[Date "2018.04.05"]
[Round "5"]
[White "Ploder, Udo"]
[Black "Kolker, Vladislav"]
[Result "0-1"]
[WhiteElo "1899"]
[BlackElo "1990"]
[PlyCount "48"]
[EventDate "2018.04.03"]
[EventType "swiss"]
[EventRounds "9"]
[EventCountry "GER"]
[SourceTitle "EXT 2020"]
[Source "ChessBase"]
[SourceDate "2019.10.17"]
[SourceVersion "1"]
[SourceVersionDate "2019.10.17"]
[SourceQuality "1"]

1. e4 e5 2. f4 exf4 3. Nf3 g5 4. Nc3 Bg7 5. h4 h6 6. hxg5 hxg5 7. Rxh8 Bxh8 8. d4 d6 9. Bc4 Nc6 10. Qd3 Bg7 11. Bd2 g4 12. 0-0-0 gxf3 13. Qxf3 Nxd4 14. Qh5 Be6 15. Bxe6 Nxe6 16. Qb5+ Kf8 17. Qxb7 Ne7 18. Qa6 Qb8 19. Rf1 Be5 20. Qe2 Qb6 21. Na4 Qd4 22. Nc3 Rb8 23. Nd1 Qa4 24. a3 Bxb2+ 0-1

[Event "Hofheim Spring op-B 6th"]
[Site "Hofheim"]
[Date "2018.04.04"]
[Round "2"]
[White "Ploder, Udo"]
[Black "Ahrends, Norbert"]
[Result "1-0"]
[WhiteElo "1899"]
[BlackElo "1999"]
[PlyCount "71"]
[EventDate "2018.04.03"]
[EventType "swiss"]
[EventRounds "9"]
[EventCountry "GER"]
[SourceTitle "EXT 2020"]
[Source "ChessBase"]
[SourceDate "2019.10.17"]
[SourceVersion "1"]
[SourceVersionDate "2019.10.17"]
[SourceQuality "1"]

1. e4 c6 2. d4 d5 3. e5 c5 4. dxc5 Nc6 5. Nf3 e6 6. Be3 Qc7 7. Bb5 Nge7 8. c3 Bd7 9. Bd4 g5 10. Nxg5 Ng6 11. 0-0 Ncxe5 12. Bxd7+ Kxd7 13. f4 f6 14. fxe5 fxg5 15. Rf7+ Be7 16. Qa4+ Kd8 17. Nd2 Nxe5 18. Bxe5 Qxe5 19. Qd4 Qxd4+ 20. cxd4 Kd7 21. Nf3 Rag8 22. Ne5+ Ke8 23. Rc1 Rf8 24. Rcf1 h5 25. Rxe7+ Kxe7 26. Ng6+ Ke8 27. Nxf8 Rxf8 28. Rxf8+ Kxf8 29. Kf2 Ke7 30. Ke3 h4 31. b4 Kf6 32. b5 e5 33. c6 bxc6 34. bxc6 exd4+ 35. Kxd4 Ke6 36. c7 1-0